| 000 | 00322nam a22001337a 4500 | ||
|---|---|---|---|
| 082 |
_a491.4391 _bABD _cL-29.p-78 |
||
| 100 |
_aAbdul haq _939583 |
||
| 245 | _aUrdu Zaban | ||
| 260 |
_aKarach. : _bArab press _c1949 |
||
| 300 | _a55 p. | ||
| 526 |
_a0 _b0 _c0 _d491_439100000000000_ABD |
||
| 650 |
_aMCE _9379 |
||
| 942 |
_2ddc _cBK |
||
| 999 |
_c544043 _d544043 |
||